000 00523nam a2200193Ia 4500
005 20250508152508.0
008 008 250505s9999 xx 000 0 eng d
037 _aTextual
040 _aFEDL
_beng
_cFEDL
041 _aeng
_2eng
084 _a332.9054, GAR
_qFEDL
100 _aGarg K.N.
_9761615
245 0 _aIndian currency and Finance
260 _aAllahabad, India
_bKitab Mahal
_c1959
300 _a157p.
650 _aEconomics
942 _cTEXL
_h332.9054, GAR
999 _c1336797
_d1336797